000 00829nam a2200265Ia 4500
001 21954
005 20260320113328.0
008 260320s9999||||xx |||||||||||||| ||und||
020 _a9788425231070
041 _aESP
082 _a721.04672
_bD87
100 _aDollard, Tom,
_eAUT
245 0 _aCómo proyectar viviendas energéticamente eficientes :
_buna guía ilustrada
246 _a
_5
_bRojals, Marta
250 _aPrimera edición
260 _aBarcelona :
_bEditorial GG,
_c2022
300 _a179 páginas :
_bilustraciones ;
_c24 cm.
_e
440 _a
_n
_v
650 _aABD
653 _aViviendas ambientales
654 _aCAU
700 _a
_c
856 _uhttps://www-architectureopenlibrary-com.ucsp.lookproxy.com/eng
_zVéase además: Base de datos Architecture Open Library
942 _cLIB
_dJUS
_fMIP
_2ddc
_n
999 _c21954
_d21954